Regularization and bayesian methods for inverse problems in signal and image processing (Record no. 4829)
[ view plain ]
| 000 -LEADER | |
|---|---|
| fixed length control field | 00966cam a22003015i 4500 |
| 001 - CONTROL NUMBER | |
| control field | |
| 003 - CONTROL NUMBER IDENTIFIER | |
| control field | OSt |
| 005 - DATE AND TIME OF LATEST TRANSACTION | |
| control field | 20220107122805.0 |
| 008 - FIXED-LENGTH DATA ELEMENTS--GENERAL INFORMATION | |
| fixed length control field | 141112s2014 nju 000 0 eng |
| 010 ## - LIBRARY OF CONGRESS CONTROL NUMBER | |
| LC control number | |
| 020 ## - INTERNATIONAL STANDARD BOOK NUMBER | |
| International Standard Book Number | 9781848216372 |
| 040 ## - CATALOGING SOURCE | |
| Transcribing agency | IIITMK |
| 082 ## - DEWEY DECIMAL CLASSIFICATION NUMBER | |
| Classification number | 621.367 GIO/R |
| 100 ## - MAIN ENTRY--PERSONAL NAME | |
| Personal name | Giovannelli, Jean-François (Ed.) |
| 9 (RLIN) | 7763 |
| 245 00 - TITLE STATEMENT | |
| Title | Regularization and bayesian methods for inverse problems in signal and image processing |
| Statement of responsibility, etc. | edited by Jean-Francois Giovannelli, Jerome Idier. |
| 260 ## - PUBLICATION, DISTRIBUTION, ETC. | |
| Place of publication, distribution, etc. | London, |
| Name of publisher, distributor, etc. | Wiley, |
| Date of publication, distribution, etc. | 2015. |
| 300 ## - PHYSICAL DESCRIPTION | |
| Extent | xv, 299p. |
| 440 ## - SERIES STATEMENT/ADDED ENTRY--TITLE | |
| Title | Digital Signal and Image Processing Series edited by Henri Maitre. |
| 9 (RLIN) | 7764 |
| 650 ## - SUBJECT ADDED ENTRY--TOPICAL TERM | |
| Topical term or geographic name entry element | MATHEMATICS |
| 9 (RLIN) | 7765 |
| 650 ## - SUBJECT ADDED ENTRY--TOPICAL TERM | |
| Topical term or geographic name entry element | IMAGE PROCESSING |
| 9 (RLIN) | 7766 |
| 650 ## - SUBJECT ADDED ENTRY--TOPICAL TERM | |
| Topical term or geographic name entry element | SIGNAL PROCESSING |
| 9 (RLIN) | 7767 |
| 650 ## - SUBJECT ADDED ENTRY--TOPICAL TERM | |
| Topical term or geographic name entry element | DIGITAL SIGNALS |
| 9 (RLIN) | 7768 |
| 650 ## - SUBJECT ADDED ENTRY--TOPICAL TERM | |
| Topical term or geographic name entry element | INVERSE PROBLEMS |
| 9 (RLIN) | 7769 |
| 650 ## - SUBJECT ADDED ENTRY--TOPICAL TERM | |
| Topical term or geographic name entry element | BAYESIAN METHODS |
| 9 (RLIN) | 7770 |
| 650 ## - SUBJECT ADDED ENTRY--TOPICAL TERM | |
| Topical term or geographic name entry element | REGULARIZATION |
| 9 (RLIN) | 7771 |
| 700 ## - ADDED ENTRY--PERSONAL NAME | |
| Personal name | Idier, Jérôme (Ed.) |
| 9 (RLIN) | 7772 |
| 942 ## - ADDED ENTRY ELEMENTS (KOHA) | |
| Source of classification or shelving scheme | Dewey Decimal Classification |
| Koha item type | Books |
| Withdrawn status | Lost status | Source of classification or shelving scheme | Damaged status | Not for loan | Collection code | Home library | Current library | Shelving location | Date acquired | Cost, normal purchase price | Total Checkouts | Full call number | Barcode | Date last seen | Date last checked out | Price effective from | Koha item type |
|---|---|---|---|---|---|---|---|---|---|---|---|---|---|---|---|---|---|
| Dewey Decimal Classification | Digital Image Processing | Kerala University of Digital Sciences, Innovation and Technology Knowledge Centre | Kerala University of Digital Sciences, Innovation and Technology Knowledge Centre | Applied Electronics | 16/09/2015 | 7316.00 | 1 | 621.367 GIO/R | 4251 | 03/12/2020 | 21/11/2016 | 16/09/2015 | Books |